Structured computer organization (Record no. 26289)

000 -LEADER
fixed length control field 00375nam a2200145Ia 4500
008 - FIXED-LENGTH DATA ELEMENTS--GENERAL INFORMATION
fixed length control field 230413s9999||||xx |||||||||||||| ||und||
020 ## - INTERNATIONAL STANDARD BOOK NUMBER
International Standard Book Number 9788120329133
082 ## - DEWEY DECIMAL CLASSIFICATION NUMBER
Classification number 005.1
Item number T1641
100 ## - MAIN ENTRY--PERSONAL NAME
Personal name Tanenbaum, Andrew S
245 #0 - TITLE STATEMENT
Title Structured computer organization
250 ## - EDITION STATEMENT
Edition statement 5th
260 ## - PUBLICATION, DISTRIBUTION, ETC. (IMPRINT)
Place of publication, distribution, etc New Delhi
Name of publisher, distributor, etc PHI Learning Pvt Ltd.
Date of publication, distribution, etc 2011
300 ## - PHYSICAL DESCRIPTION
Extent xx, 777p.
942 ## - ADDED ENTRY ELEMENTS (KOHA)
Item type Books
Holdings
Withdrawn status Lost status Damaged status Not for loan Permanent location Current location Date acquired Source of acquisition Full call number Barcode Date last seen Koha item type
        IMU Kolkata IMU Kolkata 2023-04-13 Gifted by Shailendra S Kathait (6049) 005.1 T1641 G00554 2023-04-13 Books
Designed and Maintained by IMU-KC Library, Kolkata Campus © Copyright All Rights Reserved

webs counters

Powered by Koha